Budúcnosť je už dnes

Internet nie je len veľkou encyklopédiou, ale začína zasahovať aj do riadenia firiem. Tvoria sa celkom nové možnosti využitia. Trendom je internet vecí (Internet of things - loT). Rozhovor s riaditeľom pre inovácie v spoločnosti Softec Jánom Masarykom.

Gespeichert in:
Bibliographische Detailangaben
1. Verfasser: Žitňanský, Eduard
Weitere Verfasser: Masaryk, Ján
Format: Buchkapitel
Sprache:Slowakisch
Schlagworte:
Tags: Tag hinzufügen
Keine Tags, Fügen Sie das erste Tag hinzu!

MARC

LEADER 00000naa a2200000 4500
001 0219278
005 20231113083831.5
041 0 |a slo 
044 |a SK 
245 1 0 |a Budúcnosť je už dnes  |c Eduard Žitňanský, Ján Masaryk 
520 |a Internet nie je len veľkou encyklopédiou, ale začína zasahovať aj do riadenia firiem. Tvoria sa celkom nové možnosti využitia. Trendom je internet vecí (Internet of things - loT). Rozhovor s riaditeľom pre inovácie v spoločnosti Softec Jánom Masarykom. 
610 2 0 |a internet 
610 2 0 |a stratégia inovačná 
610 2 0 |a systémy informačné 
610 2 0 |a riadenie podnikové 
100 1 |a Žitňanský, Eduard 
700 1 |a Masaryk, Ján